Central Library OPAC University of Rajshahi

ইরান-ইরাক সীমানা বিরোধ : (Record no. 83068)

MARC details
000 -LEADER
fixed length control field 01427nam a2200253 a 4500
001 - CONTROL NUMBER
RUCL Control Number 83068
003 - CONTROL NUMBER IDENTIFIER
rucl marc code BD-RjUL
005 - DATE AND TIME OF LATEST TRANSACTION
control field 20240212153423.0
008 - FIXED-LENGTH DATA ELEMENTS--GENERAL INFORMATION
fixed length control field 240212s1994 bg a|||| m||| 00| 0 ben d
035 ## - SYSTEM CONTROL NUMBER
system control number (BD-RjUL)83068
040 ## - CATALOGING SOURCE
Original cataloging agency BD-RjUL
Language of cataloging ben / eng
Transcribing agency BD-RjUL
Modifying agency BD-RjUL
041 ## - LANGUAGE CODE
Language code of Book ben
082 ## - DEWEY DECIMAL CLASSIFICATION NUMBER
DDC Edition number 23
Classification number 955
Author mark and Year 1994
100 ## - MAIN ENTRY--PERSONAL NAME
Personal name উজ্জামান, মো. ফায়েক
9 (RLIN) 11692
245 10 - TITLE STATEMENT
Title ইরান-ইরাক সীমানা বিরোধ :
Remainder of title একটি সমীক্ষা /
Statement of responsibility, etc গবেষণা তত্ত্বাবধায়ক : মু. আলী আসগর খান
260 ## - PUBLICATION, DISTRIBUTION, ETC. (IMPRINT)
Place of publication, distribution, etc রাজশাহী :
Name of publisher, distributor, etc ইসলামের ইতিহাস ও সংস্কৃতি বিভাগ, রাজশাহী বিশ্ববিদ্যালয়,
Date of publication, distribution, etc ১৯৯৪
300 ## - PHYSICAL DESCRIPTION
Pagination [বার], ২১৭ পাতা :
Other physical details চিত্র ;
Dimensions ২৯ সেমি.
502 ## - DISSERTATION NOTE
Dissertation note থিসিস (এম. ফিল.) -- ইসলামের ইতিহাস ও সংস্কৃতি বিভাগ, রাজশাহী বিশ্ববিদ্যালয়, ১৯৯৪
504 ## - BIBLIOGRAPHY, ETC. NOTE
Bibliography, etc গ্রন্থপঞ্জী : পাতা [১৬৬],-১৭৭
650 ## - SUBJECT ADDED ENTRY--TOPICAL TERM
Topical term or geographic name as entry element ইরান
9 (RLIN) 11693
Topical term or geographic name as entry element Iran
700 ## - ADDED ENTRY--SUPERVISOR/CO-SUPERVISOR NAME
Personal name খান, মু. আলী আসগর, গবেষণা তত্ত্বাবধায়ক
9 (RLIN) 11694
942 ## - ADDED ENTRY ELEMENTS (KOHA)
Source of classification or shelving scheme Dewey Decimal Classification
Koha item type Theses
Holdings
Source of classification or shelving scheme Damaged status Not for loan Collection code Permanent Location Current Location Shelving location Date of accession Source of acquisition Full call number Barcode Date last seen Copy number Thesis
Dewey Decimal Classification   Not For Loan Theses Central Library, University of Rajshahi Central Library, University of Rajshahi Documentation Section 12/06/1995 Controller of Exam. R. U. BTHE 955 UZI 1994 D1782 12/02/2024 C-I Theses